书目信息 |
| 题名: |
水资源系统的可持续性标准
|
|
| 作者: | 劳克斯 , 格拉德韦尔 主编 ;王建龙 译 | |
| 分册: | ||
| 出版信息: | 北京 清华大学出版社 2003.01 |
|
| 页数: | 298页 | |
| 开本: | 20cm | |
| 丛书名: | 环境与发展译丛 | |
| 单 册: | ||
| 中图分类: | TV213 , X-65 | |
| 科图分类: | ||
| 主题词: | 水利资源开发 , 环境堡--环境标准 , 环境标准 | |
| 电子资源: | ||
| ISBN: | 7-302-06049-5 | |
| 000 | 00890nam0 2200277 45 | |
| 001 | 0428770125 | |
| 005 | 2004042707593013 | |
| 010 | @a7-302-06049-5@dCNY 20.00 | |
| 100 | @a20040427d2003 km y0chiy0120 ea | |
| 101 | 0 | @achi |
| 102 | @aCN@b110000 | |
| 200 | 1 | @a水资源系统的可持续性标准@AShui Zi Yuan Xi Tong De Ke Chi Xu Xing Biao Zhun@f(美)劳克斯,(美)格拉德韦尔主编@F(Mei)Lao Ke Si,(Mei)Ge La De Wei Er Zhu Bian@g王建龙译@GWang Jian Long Yi |
| 210 | @a北京@c清华大学出版社@d2003.01 | |
| 215 | @a298页@d20cm | |
| 225 | 2 | @a环境与发展译丛 |
| 410 | 0 | @12001 @a环境与发展译丛 |
| 606 | 0 | @a水利资源开发 |
| 606 | 0 | @a环境堡@x环境标准 |
| 606 | 0 | @a环境标准 |
| 690 | @aTV213@v3 | |
| 690 | @aX-65@v3 | |
| 701 | 0 | @a劳克斯@ALao Ke Si@4主编 |
| 701 | 0 | @a格拉德韦尔@AGe La De Wei Er@4主编 |
| 702 | 0 | @a王建龙@AWang Jian Long@4译 |
| 801 | 0 | @aCN@bPFT@c20040427 |
| 905 | @dTV213@eL063 | |
| 水资源系统的可持续性标准/(美)劳克斯,(美)格拉德韦尔主编/王建龙译.-北京:清华大学出版社,2003.01 |
| 298页;20cm.-(环境与发展译丛) |
| ISBN 7-302-06049-5:CNY 20.00 |
| ● |
| 相关链接 |
|
|
|
正题名:水资源系统的可持续性标准
索取号:TV213/L063
 
预约/预借
| 序号 | 登录号 | 条形码 | 馆藏地/架位号 | 状态 | 备注 |
| 1 | 380050 | 203800501 | 期刊室512/501自科库 47排6列3层/ [索取号:TV213/L063] | 在馆 | |
| 2 | 380051 | 203800510 | 市政与环境工程学院资料室/501自科库 47排6列3层/ [索取号:TV213/L063] | 在馆 | |
| 3 | 380052 | 203800529 | 自科库501/501自科库 47排6列3层/ [索取号:TV213/L063] | 在馆 | |
| 4 | 382337 | 203823372 | 期刊室512/501自科库 47排6列3层/ [索取号:TV213/L063] | 在馆 | |
| 5 | 382338 | 203823381 | 期刊室512/501自科库 47排6列3层/ [索取号:TV213/L063] | 在馆 | |
| 6 | 382339 | 203823390 | 自科库501/501自科库 47排6列3层/ [索取号:TV213/L063] | 在馆 |